Normal view MARC view

Entry Personal Name

Number of records used in: 1

001 - CONTROL NUMBER

  • control field: 1239712

003 - CONTROL NUMBER IDENTIFIER

  • control field: OSt

005 - DATE AND TIME OF LATEST TRANSACTION

  • control field: 20260514122613.0

008 - FIXED-LENGTH DATA ELEMENTS

  • fixed length control field: 260514|| aca||aabn | a|a d

040 ## - CATALOGING SOURCE

  • Original cataloging agency: OSt
  • Transcribing agency: OSt

100 ## - HEADING--PERSONAL NAME

  • Personal name: Upadhyay Dr.Vinay

670 ## - SOURCE DATA FOUND

  • Source citation: Work cat.: (OSt)1851533: Upadhyay Dr.Vinay , Role of Multi-Detector Computed Tomography (MDCT) Based Component Separation Index (CSI) in Management of Large Ventral Hernia by Component Separation Technique.
Copyright @ Delhi University Library System